Rámové konštrukcie mostové a halové. : Riešené metódou fiktívnych statických podmienok.

Gespeichert in:
Bibliographische Detailangaben
Hauptverfasser: Havelka, Karol (Verfasst von), Harvančík, Jozef (Verfasst von), Trokan, Jozef (Verfasst von)
Format: Buch
Sprache:Slowakisch
Veröffentlicht: Bratislava : SAV, 1958
Tags: Tag hinzufügen
Keine Tags, Fügen Sie das erste Tag hinzu!

MARC

LEADER 00000nam a22000003a 4500
001 stu267068
005 20230221100803.6
008 130523s--------cs------------------slo-d
040 |a STU  |b slo 
041 0 |a slo 
044 |a cs 
100 1 |a Havelka, Karol  |4 aut 
245 1 |a Rámové konštrukcie mostové a halové. :  |b Riešené metódou fiktívnych statických podmienok. 
260 |a Bratislava :  |b SAV,  |c 1958 
300 |a 370 s 
700 1 |a Harvančík, Jozef  |4 aut 
700 1 |a Trokan, Jozef  |4 aut 
996 |b 284V035013  |c V*1427/O-131  |l VVS  |s A  |a 24  |w stu267068_0001 
996 |b 284V040215  |c V* 52436/O-23593  |l VVS  |s A  |a 24  |w stu267068_0002